Szczegóły MARC21

Zapasy i magazynowanie : przykłady i ćwiczenia /

005 -DATA I CZAS OSTATNIEJ MODYFIKACJI [,]
    • @
    • pole kontrolne
    • 20100129100848.0
020 -Międzynarod. znormalizowany nr książki - ISBN [ , ]
    • a
    • Numer ISBN
    • 9788387344245 Find
040 -Instytucja sporządzająca opis [ , ]
    • a
    • Instytucja, która sporządziła opis (NP)
    • SZCZ U/KLR
    • c
    • Instytucja, która sporządziła rekord (NP)
    • SZCZ U/KLR
    • d
    • Instytucja, która zmodyfikowała rekord (P)
    • SZCZ U/MS
041 -Język dokumentu [0, ]
    • a
    • Język tekstu (P)
    • polski
044 -Kraj miejsca wydania [ , ]
    • a
    • Kraj miejsca wydania
    • Polska
942 -Rodzaj dokumentu [ , ]
    • c
    • Rodzaj dokumentu
    • Książka
100 -Hasło główne - nazwa osobowa [1, ]
    • a
    • Nazwa osobowa (NP)
    • Andrzejczyk, Paweł.
    • 9
    • KHW
    • 9686
245 -Strefa tytułu i oznaczenia odpowiedzialności [1,0]
    • a
    • Tytuł
    • Zapasy i magazynowanie : Find
    • b
    • Ciąg dalszy tytułu (NP)
    • przykłady i ćwiczenia / Find
    • c
    • Pozostałe elementy strefy tytułu i oznaczenia odpowiedzialności (NP)
    • Paweł Andrzejczyk, Jacek Zając.
260 -Strefa adresu wydawniczego [ , ]
    • a
    • Miejsce wydania (P)
    • Poznań :
    • b
    • Nazwa wydawcy (P)
    • Instytut Logistyki i Magazynowania,
    • c
    • Data wydania (P)
    • 2009.
300 -Strefa opisu fizycznego [ , ]
    • a
    • Określenie formy książki i/lub objętość (NP)
    • 205 s. :
    • b
    • Oznaczenie ilustracji (NP)
    • il. ;
    • c
    • Format (NP)
    • 24 cm.
830 -Hasło dodatkowe serii i opisu książki wielotomowej - tytuł ujednolicony/tytuł [ ,0]
    • a
    • Tytuł ujednolicony/tytuł (NP)
    • Biblioteka Logistyka
    • 9
    • KHW
    • 9169
080 -Uniwersalna Klasyfikacja Dziesiętna [ , ]
    • 2
    • Identyfikator wydania tablic
    • UDC-P058
    • 9
    • UKD
    • 5635
    • a
    • Symbol klasyfikacji
    • 658.566
    • b
    • Dopowiedzenie
    • Gospodarka materiałowa.
    • 4
    • UKD2
    • 8264
    • x
    • Poddział wspólny
    • (075.3-021.66)
    • c
    • Dopowiedzenie poddz. wspólnego
    • (Podręczniki dla liceum, technikum).
980 -Symbol UKD [ , ]
    • a
    • UKD
    • 658.566(075.3-021.66)
700 -Hasło dodatkowe - nazwa osobowa [1, ]
    • a
    • Nazwa osobowa (NP)
    • Zając, Jacek Find
    • c
    • Dopowiedzenie inne niż daty biograficzne (NP)
    • (logistyka).
    • 9
    • KHW
    • 9687
920 -ISBN [ , ]
    • a
    • ISBN
    • 978-83-87344-24-5 Find
Sygnatura Numer inwentarzowy Status udost. Data inwentaryzacji Lokalizacja
T.10815T.10815-22010-01-15T
TM.7095TM.7095-22010-01-15T
 TM.7096-32010-01-15T